Màners : tragèdia en cinc actes, en vers / Lluís Soler Terol tragèdia en cinc actes, en vers / Lluís Soler Terol
Descripción Física:
119 p. ; 23 cm
Materias:
Teatre
MARC
| LEADER | 00000nam a2200000Ia 4500 | ||
|---|---|---|---|
| 001 | 15935 | ||
| 008 | 160829s1919 xx 000 0 cat d | ||
| 080 | |a L-2-35 | ||
| 100 | |a Soler Terol, Lluís Ma. |9 46851 | ||
| 245 | |a Màners : |b tragèdia en cinc actes, en vers / Lluís Soler Terol | ||
| 260 | |a Barcelona : |b (Casa de la Caritat), |c 1919 | ||
| 300 | |a 119 p. ; |c 23 cm | ||
| 590 | |a Prové de 3801, llibres de l'opositor Lluís Ma. Soler Terol. | ||
| 650 | |a Teatre |9 20099 | ||
| 901 | |a Arxiu | ||
| 942 | |n 1 | ||
| 952 | |0 0 |1 0 |4 0 |6 L235 |7 1 |9 53494 |a Arxiu |b Arxiu |d 2016-12-01 |l 0 |o L-2-35 |p 15935 |r 2016-12-01 00:00:00 |w 2016-12-01 |y ARXIU | ||
| 999 | |c 57360 |d 57360 | ||